000 00460nam a2200181Ia 4500
003 GCL
008 140319s9999 xx 000 0 eng d
040 _aGCL /
_cGCL
082 0 4 _a711.4
_bT N
100 1 _aTOY, MAGGIE
245 1 0 _aNEW PRACTICE IN URBAN DESIGN /
_cTOY, MAGGIE
260 _a[S.N] :
_bACADEMY EDITIONS ،
_c1993
300 _a93
650 0 4 _aURBAN DESIGN
650 0 4 _aARCHITECTURE
650 0 4 _aARCHITECTURE MAGAZINE
942 _2ddc
_cBK
999 _c11547
_d11547